| 000 | 00659nam a2200205 a 4500 | ||
|---|---|---|---|
| 001 | 86433 | ||
| 003 | BD-RjUL | ||
| 005 | 20260505123259.0 | ||
| 008 | 260505s2025 |||||||| |||| 00| 0 ben d | ||
| 035 | _a(BD-RjUL)86433 | ||
| 040 |
_aBD-RjUL _beng _cBD-RjUL |
||
| 041 | _aeng | ||
| 082 |
_223 _a751.73095492 _bSTR 2025 |
||
| 245 |
_aStreet Art of 36th July : _bBangladesh's Murals of Change / _cEditor Harunur Rashid Sagar |
||
| 260 |
_aDhaka : _bFriedrich Ebert Stiftung, _c2025 |
||
| 300 |
_a135 p. : _bill.; _c26 cm. |
||
| 650 |
_aPolitical Street Art _yJuly Revolution 2024 _zBangladesh _918357 |
||
| 700 |
_aSagar, Harunur Rashid _918358 |
||
| 942 |
_2ddc _cBK |
||
| 999 |
_c86433 _d86433 |
||